• 首页
  • 本馆介绍
  • 公告通知
  • 最新文献
  • 馆藏检索
  • 电子资源
  • 读者导购
  • 参考咨询
  • 我的图书馆
  • 登录
  • 详细信息显示
  • 放入我的书架
  • 预约/预借图书
  • 作者相关作品
  • 分类相关作品
  • 丛书相关作品
  • 出版社相关作品

书目信息

  • 表格格式
  • 工作单格式
  • 卡片格式
题名:
中国文学与文化的认同
    
 
作者: 周宪 主编
分册:  
出版信息: 北京   北京大学出版社  2008
页数: 316页
开本: 23cm
丛书名:
单 册:
中图分类: I206 , G122-53
科图分类:
主题词: 文学研究--中国--文集 , 文化--中国--文集 , 文学研究 , 文化
电子资源:
ISBN: 978-7-301-13171-8
000 00995nam0 2200289 450
001 1257355483
005 20121015155622.57
010    @a978-7-301-13171-8@dCNY30.00
100    @a20080317d2008 emky0chiy50 ea
101 0  @achi
102    @aCN@b110000
105    @ay z 000yy
200 1  @a中国文学与文化的认同@Azhong guo wen xue yu wen hua de ren tong@dChinese literature and cultural identity@f周宪主编@zeng
210    @a北京@c北京大学出版社@d2008
215    @a316页@d23cm
300    @a南京大学“985二期工程” “汉语言文学与民族认同”基地子项目成果
330    @a本书内容包括:认同的语境与全球化、认同与身份问题、认同与传统的关系、认同的建构与理想的认同等。
510 1  @aChinese literature and cultural identity@zeng
606 0  @a文学研究@y中国@j文集
606 0  @a文化@y中国@j文集
606 0  @a文学研究
606 0  @a文化
690    @aI206@v4
690    @aG122-53@v4
701  0 @a周宪@Azhou xian@f(1954~)@4主编
801  0 @aCN@bNLC@c20101222
905    @a10447@dI206@eJY302
    
    中国文学与文化的认同=Chinese literature and cultural identity/周宪主编.-北京:北京大学出版社,2008
    316页;23cm
    南京大学“985二期工程” “汉语言文学与民族认同”基地子项目成果
    
    ISBN 978-7-301-13171-8:CNY30.00
    本书内容包括:认同的语境与全球化、认同与身份问题、认同与传统的关系、认同的建构与理想的认同等。
●
相关链接 在E读中查询图书 在五车中查询图书 在当当中查询图书 在豆瓣中查询图书


正题名:中国文学与文化的认同     索取号:I206/JY302         预约/预借

序号 登录号 条形码 馆藏地/架位号 状态 备注
1 7801759   278017593   学院路分馆/ [索取号:I206/JY302] 在馆    
2 7801760   278017600   学院路分馆/ [索取号:I206/JY302] 在馆    
唐山师范学院图书馆 欢迎您!
大连网信软件有限公司© 版权所有